[Event "AUTO-ADV-4912"]
[Site "http://www.queenalice.com/game.php?id=1867872"]
[Date "2026.1.11"]
[Round "1"]
[White "Carlos19"]
[Black "Connor"]
[Result "1-0"]
[WhiteElo "1688"]
[BlackElo "1790"]

1. e4 e5 2. Nf3 d6 3. Bc4 Be7 4. d3 Nf6 5. Nc3 O-O 6. h3 Nc6 7. O-O a6 8. Nd5
Nxd5 9. Bxd5 Bd7 10. a3 Rb8 11. c4 Bf6 12. Be3 b5 13. c5 dxc5 14. Bxc6 Bxc6 15.
Bxc5 Re8 16. Ba7 Rc8 17. b4 Bb7 18. Bc5 Re6 19. Qd2 Be7 20. Bxe7 Qxe7 21. Qg5
Qxg5 22. Nxg5 Re7 23. a4 Rd7 24. Rfd1 Rcd8 25. Rdc1 Rxd3 26. axb5 axb5 27. Ra7
h6 28. Rxb7 hxg5 29. Rxb5 Rd1+ 30. Rxd1 Rxd1+ 31. Kh2 f6 32. Rc5 Rb1 33. Rc4 Kh7
34. Kg3 Kg6 35. Kg4 Rb2 36. Kg3 Kh5 37. f3 Rb3 38. Rxc7 Kh6 39. Rb7 Kg6 40. b5
Kh6 41. h4 gxh4+ 42. Kxh4 Rb2 43. Kh3 Rb3 44. Rb8 Kg6 45. b6 Rb5 46. g4 Rb3 47.
Kg3 Kh7 48. b7 Rb1 49. Kf2 Kg6 50. Kg3 Rb2 51. Kh3 Rb3 52. Kh4 Rxf3 53. Rc8 1-0

[Event "AUTO-ADV-4912"]
[Site "http://www.queenalice.com/game.php?id=1867873"]
[Date "2026.1.11"]
[Round "1"]
[White "Connor"]
[Black "Carlos19"]
[Result "1/2-1/2"]
[WhiteElo "1782"]
[BlackElo "1679"]

1. d4 e6 2. e3 Nf6 3. c4 c5 4. Nf3 Ne4 5. Nc3 Nxc3 6. bxc3 d6 7. d5 e5 8. Nd2
Bf5 9. e4 Bg6 10. Be2 Be7 11. Qb3 b6 12. a4 a5 13. Rb1 Ra6 14. Qb5+ Qd7 15.
Qxd7+ Nxd7 16. Bf3 O-O 17. O-O f5 18. exf5 Bxf5 19. Be4 Bxe4 20. Nxe4 Nf6 21. f3
Nxe4 22. fxe4 Rxf1+ 23. Kxf1 g5 24. g3 h5 25. Kg2 g4 26. h3 Kg7 27. h4 Bf6 28.
Be3 Kg6 29. Rb2 Bg7 30. Kf2 Bf6 1/2-1/2

[Event "AUTO-ADV-4912"]
[Site "http://www.queenalice.com/game.php?id=1867888"]
[Date "2026.1.11"]
[Round "1"]
[White "ChessColossos"]
[Black "Connor"]
[Result "1-0"]
[WhiteElo "1699"]
[BlackElo "1770"]

1. e4 e5 2. Nf3 d6 3. d4 Be7 4. dxe5 dxe5 5. Qxd8+ Bxd8 6. Nxe5 a6 7. Bc4 Be6 8.
Bxe6 fxe6 9. Nc3 Nf6 10. Bg5 h6 11. Bxf6 gxf6 12. Nf3 Nc6 13. O-O-O Be7 14. Rhe1
Rd8 15. Rxd8+ Bxd8 16. Rd1 Rg8 17. g3 Be7 18. Nd4 Nxd4 19. Rxd4 Bd6 20. Rd1 Ke7
21. h3 Rg5 22. Kb1 Bc5 23. Rd2 c6 24. Re2 e5 25. a4 Ke6 26. Kc1 f5 27. exf5+
Rxf5 28. Ne4 Bb6 29. a5 Ba7 30. Rd2 1-0

[Event "AUTO-ADV-4912"]
[Site "http://www.queenalice.com/game.php?id=1867889"]
[Date "2026.1.11"]
[Round "1"]
[White "Connor"]
[Black "ChessColossos"]
[Result "1/2-1/2"]
[WhiteElo "1751"]
[BlackElo "1716"]

1. d4 e6 2. c4 b6 3. e3 Bb7 4. Nf3 Bb4+ 5. Bd2 Bxd2+ 6. Nbxd2 Nf6 7. Be2 O-O 8.
O-O Re8 9. Qc2 d5 10. cxd5 Nxd5 11. a3 a5 12. Rfc1 Nc6 13. Bb5 Nde7 14. Ne5 Qd5
15. Nxc6 Bxc6 16. Bxc6 Nxc6 17. Qxc6 Qxc6 18. Rxc6 Rac8 19. Rac1 Re7 20. Nc4 Rb8
21. Nxb6 cxb6 22. Rc8+ Re8 23. Rxe8+ Rxe8 24. g3 h5 25. Rc6 Rb8 26. Kg2 Kf8 27.
b4 axb4 28. axb4 g6 29. b5 Kg7 30. Kf3 Rb7 31. Ke4 Kh6 1/2-1/2

[Event "AUTO-ADV-4917"]
[Site "http://www.queenalice.com/game.php?id=1868979"]
[Date "2026.2.7"]
[Round "1"]
[White "Connor"]
[Black "Magnaroc"]
[Result "1-0"]
[WhiteElo "1776"]
[BlackElo "1864"]

1. d4 e6 2. c4 Bb4+ 3. Bd2 Qe7 4. Nc3 Nc6 5. e3 Nf6 6. Nf3 O-O 7. Bd3 d5 8. cxd5
Bxc3 9. Bxc3 Nxd5 10. Qc2 g6 11. a3 Nxc3 12. Qxc3 Rd8 13. O-O a5 14. Rac1 Rxd4
15. Nxd4 1-0

[Event "AUTO-ADV-4917"]
[Site "http://www.queenalice.com/game.php?id=1868980"]
[Date "2026.2.7"]
[Round "1"]
[White "Magnaroc"]
[Black "Connor"]
[Result "0-1"]
[WhiteElo "1844"]
[BlackElo "1796"]

1. e4 e5 2. Nf3 d6 3. d4 exd4 4. Nxd4 Bd7 5. Nc3 Nf6 6. Bg5 Be7 7. Bc4 O-O 8.
O-O a6 9. a4 Nc6 10. Nf3 Bg4 11. h3 Bxf3 12. Qxf3 Ne5 13. Qxf6 Bxf6 0-1

[Event "AUTO-ADV-4917"]
[Site "http://www.queenalice.com/game.php?id=1868981"]
[Date "2026.2.7"]
[Round "1"]
[White "Connor"]
[Black "maurice916"]
[Result "1-0"]
[WhiteElo "1846"]
[BlackElo "1889"]

1. d4 d6 2. c4 e5 3. dxe5 dxe5 4. Qxd8+ Kxd8 5. e3 c6 6. Nc3 Be6 7. Nf3 f6 8. a3
Na6 9. b4 Kc7 10. c5 Rd8 11. Bb2 Nh6 12. h3 Nb8 13. Be2 Nf7 14. O-O Be7 15. Rad1
b6 16. Rxd8 Rxd8 17. Rd1 bxc5 18. Rxd8 Kxd8 19. bxc5 Bxc5 20. g4 Ke7 21. Kg2 Nd7
22. Ne4 Bb6 23. Bc3 Bd5 24. Ng3 Nc5 25. Nf5+ Kf8 26. Ng3 e4 27. Nd2 Ne5 28. Bb4
Kf7 29. Nf5 Ncd3 30. Bd6 g6 31. Ng3 Ne1+ 32. Kf1 N1f3 33. Nxf3 exf3 34. Bd1 Bc4+
35. Kg1 Ke6 36. Bxe5 fxe5 37. Bxf3 Bb3 38. Bxc6 Kd6 39. Bb5 a5 40. a4 Bd5 41.
Ne2 Bc6 42. Bxc6 Kxc6 43. Kg2 Kc5 44. f4 Bc7 45. Kf3 Kb4 46. f5 gxf5 47. gxf5
Kxa4 48. Nc3+ Kb3 49. Nb5 Bb8 50. f6 Kb4 51. f7 Bd6 52. Nxd6 a4 53. f8=Q 1-0

[Event "AUTO-ADV-4917"]
[Site "http://www.queenalice.com/game.php?id=1868982"]
[Date "2026.2.7"]
[Round "1"]
[White "maurice916"]
[Black "Connor"]
[Result "0-1"]
[WhiteElo "1863"]
[BlackElo "1864"]

1. Nf3 d5 2. b3 c5 3. Bb2 e6 4. e3 Nf6 5. Ne5 Nbd7 6. Bb5 Be7 7. d4 cxd4 8. exd4
O-O 9. Nxd7 Bxd7 10. Bxd7 Qxd7 11. O-O b5 12. Qd3 a5 13. c4 dxc4 14. bxc4 bxc4
15. Qxc4 Nd5 16. Nd2 Bf6 17. Nf3 Rfc8 18. Qe2 a4 19. Rfc1 Rxc1+ 20. Rxc1 Rc8 21.
Rxc8+ Qxc8 22. Qd2 h6 23. Ne1 Nb6 24. Qc3 Qxc3 25. Bxc3 Nd5 26. Bd2 Bxd4 27. Nd3
Nf6 28. Kf1 Ne4 29. Bb4 g6 30. f3 Nf6 31. a3 Nd5 32. Bd6 f5 33. Ke2 Kf7 34. Bb4
Nxb4 35. Nxb4 Bc5 36. Kd3 Ke7 37. Kc4 Kd6 38. Kb5 e5 39. Kxa4 e4 40. fxe4 fxe4
41. Kb3 e3 42. Nd3 Kd5 43. a4 Kd4 44. Ne1 g5 45. a5 e2 46. Nc2+ Kd3 47. a6 Kd2
48. h3 e1=Q 49. Nxe1 Kxe1 50. Kc4 Bf2 51. g3 Ke2 52. g4 Kf3 53. Kd3 Kg3 54. Ke2
Ba7 0-1

[Event "AUTO-ADV-4917"]
[Site "http://www.queenalice.com/game.php?id=1868983"]
[Date "2026.2.7"]
[Round "1"]
[White "Connor"]
[Black "game"]
[Result "1-0"]
[WhiteElo "1763"]
[BlackElo "1686"]

1. d4 d5 2. e3 Nc6 3. c4 e6 4. Nf3 Nf6 5. Nc3 Nb4 6. c5 Ne4 7. a3 Nc6 8. Qc2 e5
9. Nxe4 dxe4 10. Qxe4 Be6 11. Nxe5 g6 12. Nxc6 bxc6 13. Qxc6+ Bd7 14. Qe4+ Be6
15. Bc4 Be7 16. Bxe6 fxe6 17. Qxe6 Rf8 18. d5 Rf6 19. Qg8+ Rf8 20. Qxh7 Qxd5 21.
Qxg6+ Rf7 22. b4 Rd8 23. O-O Bf6 24. Rb1 Qa2 25. g3 Kd7 26. Rd1+ Kc8 27. Rxd8+
Kxd8 28. Qd3+ Ke8 29. f4 Rd7 30. Qb3 Rd1+ 31. Qxd1 Qxb1 32. Qe1 Bb2 33. e4 Bxc1
34. Kf1 Qd3+ 35. Qe2 Qxa3 36. f5 Kf7 37. e5 Bg5 38. Qh5+ Ke7 39. Qxg5+ Kd7 40.
Qd2+ Kc6 41. e6 Qf3+ 42. Qf2 Qd3+ 43. Kg2 Qe4+ 44. Qf3 Qxf3+ 45. Kxf3 a6 46. Ke4
a5 47. bxa5 Kxc5 48. e7 1-0

[Event "AUTO-ADV-4917"]
[Site "http://www.queenalice.com/game.php?id=1868984"]
[Date "2026.2.7"]
[Round "1"]
[White "game"]
[Black "Connor"]
[Result "0-1"]
[WhiteElo "1686"]
[BlackElo "1750"]

1. e4 e5 2. Nf3 d6 3. d4 Be7 4. dxe5 dxe5 5. Bc4 Qxd1+ 6. Kxd1 Nc6 7. h4 Nf6 8.
Ng5 O-O 9. h5 Ng4 10. Rf1 Nb4 11. Nc3 Rd8+ 12. Bd2 Bxg5 13. Nd5 Bxd2 14. Kxd2 c6
15. Kc3 cxd5 16. Rfd1 Be6 17. exd5 Nxd5+ 18. Kd2 Nb6+ 19. Bd3 Nxf2 20. Rf1 Nxd3
21. cxd3 e4 22. Rfe1 exd3 23. Rac1 Nc4+ 24. Rxc4 Bxc4 25. b3 Be6 26. Rc1 Bf5 27.
Rf1 Rac8 28. Rxf5 Rc2+ 29. Kd1 Rxg2 30. a4 Rc8 31. Rd5 Rg3 32. Kd2 Rc2+ 33. Kd1
Rg1# 0-1

[Event "AUTO-ADV-4919"]
[Site "http://www.queenalice.com/game.php?id=1869338"]
[Date "2026.2.15"]
[Round "1"]
[White "Connor"]
[Black "Carlos19"]
[Result "1-0"]
[WhiteElo "1814"]
[BlackElo "1829"]

1. d4 d5 2. e3 Bf5 3. c4 b6 4. Nc3 Nf6 5. Nf3 h6 6. a3 e6 7. cxd5 Nxd5 8. Nxd5
Qxd5 9. Bd3 Bxd3 10. Qxd3 c5 11. Qb5+ Ke7 12. dxc5 Qxc5 13. Qxc5+ bxc5 14. O-O
Nc6 15. h3 Na5 16. Rb1 Nb3 17. Nd2 Nxc1 18. Rfxc1 Kf6 19. Ne4+ Ke5 20. Nxc5 Bxc5
21. Rxc5+ Kd6 22. Rbc1 Ke7 23. b4 f5 24. a4 Kf6 25. a5 g5 26. b5 f4 27. exf4
gxf4 28. b6 axb6 29. axb6 Ra3 30. Rb5 Rd3 31. b7 Rdd8 32. Rbc5 Rd7 33. Rc8 Rxb7
34. Rxh8 Kg7 35. Rhc8 Kf6 36. R1c6 Rb1+ 37. Kh2 Rf1 38. f3 Kf5 39. Rh8 Kg5 40.
Rxe6 1-0

[Event "AUTO-ADV-4919"]
[Site "http://www.queenalice.com/game.php?id=1869339"]
[Date "2026.2.15"]
[Round "1"]
[White "Carlos19"]
[Black "Connor"]
[Result "0-1"]
[WhiteElo "1812"]
[BlackElo "1831"]

1. e4 e5 2. Nf3 d6 3. Bc4 Be7 4. d3 Nf6 5. h3 Bd7 6. Nc3 a6 7. Ng5 O-O 8. O-O
Nc6 9. Nd5 Na5 10. Nxe7+ Qxe7 11. Qf3 Nxc4 12. dxc4 h6 13. Nxf7 Qxf7 14. Qb3 b6
15. f4 Nxe4 16. Qe3 Nc5 17. Qg3 exf4 18. Rxf4 Qe6 19. Rg4 Qf6 20. Rg6 Qe5 21.
Qxe5 dxe5 22. Bxh6 Kh7 23. Rxg7+ Kxh6 24. Re7 Rae8 25. Rxe8 Rxe8 26. b4 Nb7 27.
a4 e4 28. Re1 Bxa4 29. c3 e3 30. g4 e2 31. Kf2 Bd1 32. c5 bxc5 33. bxc5 Nxc5 34.
Kg3 Nd3 35. Rh1 e1=Q+ 36. Rxe1 Rxe1 37. Kh4 Rg1 38. c4 Ne5 0-1

[Event "AUTO-ADV-4920"]
[Site "http://www.queenalice.com/game.php?id=1869574"]
[Date "2026.2.21"]
[Round "1"]
[White "Connor"]
[Black "SGF"]
[Result "1-0"]
[WhiteElo "1892"]
[BlackElo "1729"]

1. d4 e6 2. c4 d5 3. e3 Qd6 4. Nf3 f6 5. cxd5 Qxd5 6. Nc3 Bb4 7. Bd2 Bxc3 8.
Bxc3 a5 9. a3 a4 10. Nd2 b5 11. Qe2 Ba6 12. Qf3 Qxf3 13. Nxf3 g5 14. Bb4 Nc6 15.
Bc5 h5 16. Bd3 g4 17. Nd2 Nge7 18. Ne4 Kf7 19. Nc3 b4 20. Bxa6 bxc3 21. Bd3 cxb2
22. Rb1 Rab8 23. Bc2 Nd5 24. Kd2 Rhd8 25. Be4 Na5 26. Bxd5 Rxd5 27. Kc2 e5 28.
Rxb2 Rxb2+ 29. Kxb2 exd4 30. exd4 h4 31. Rf1 Nc4+ 32. Kc3 Na5 33. Kb4 Nc6+ 34.
Kxa4 Nxd4 35. Bxd4 Rxd4+ 36. Kb5 f5 37. a4 Rd8 38. Kc6 Ra8 39. Ra1 Ke6 40. Kxc7
Ke5 41. a5 Kd4 42. a6 Kd3 43. a7 Ke2 44. Kb7 Re8 45. a8=Q Rxa8 46. Kxa8 Kxf2 47.
Ra2+ Ke1 48. g3 hxg3 49. hxg3 Kf1 50. Kb7 f4 51. gxf4 g3 52. f5 g2 53. Rxg2 Kxg2
54. f6 Kg3 55. f7 Kf3 56. f8=Q+ Ke3 57. Kc6 Kd4 58. Qe8 Kc4 59. Qe5 Kb4 60. Qc5+
Kb3 61. Kb5 Ka2 62. Ka4 Kb2 63. Kb4 Ka2 64. Kc3 Kb1 65. Qb4+ Kc1 66. Qb2+ Kd1
67. Qd2# 1-0

[Event "AUTO-ADV-4920"]
[Site "http://www.queenalice.com/game.php?id=1869575"]
[Date "2026.2.21"]
[Round "1"]
[White "SGF"]
[Black "Connor"]
[Result "0-1"]
[WhiteElo "1780"]
[BlackElo "1880"]

1. e4 e5 2. Qf3 Nf6 3. d3 Be7 4. Be2 d6 5. Qg3 g6 6. h4 h5 7. Nc3 a6 8. Nd5 Nxd5
9. exd5 Nd7 10. b4 b5 11. a4 Bb7 12. Bf3 Nb6 13. a5 Nd7 14. Be3 Nf6 15. Bg5 Rb8
16. Ne2 Nxd5 17. Bxd5 Bxd5 18. d4 Bxg5 19. Qxg5 Qxg5 20. hxg5 Bxg2 21. Rh2 Be4
22. dxe5 dxe5 23. Kd2 O-O 24. Ke3 Bxc2 25. Nc3 c6 26. Rc1 Bf5 27. f4 exf4+ 28.
Kxf4 Rbd8 29. Ne4 Rd4 30. Re2 Rc8 31. Kf3 Rxb4 32. Nf6+ Kg7 33. Nd5 Bg4+ 34. Ke3
Bxe2 35. Kxe2 Re8+ 36. Ne3 Rb3 37. Rxc6 Rbxe3+ 38. Kd2 R8e6 39. Rb6 h4 40. Rxe6
Rxe6 41. Kc3 h3 42. Kb4 h2 43. Kc5 h1=Q 44. Kb4 Qc1 45. Kb3 Re3+ 46. Kb4 Qc4#
0-1

[Event "AUTO-ADV-4922"]
[Site "http://www.queenalice.com/game.php?id=1870116"]
[Date "2026.3.5"]
[Round "1"]
[White "EdsonEstevam"]
[Black "Connor"]
[Result "0-1"]
[WhiteElo "1779"]
[BlackElo "1915"]

1. e4 e5 2. Nf3 d6 3. Nc3 Nf6 4. d3 Be7 5. h3 a6 6. Be2 Bd7 7. Bg5 Nc6 8. O-O h6
9. Bh4 g5 10. Bg3 Nh5 11. a3 Nxg3 12. fxg3 g4 13. Nd2 gxh3 14. g4 hxg2 15. Rf2
Bg5 16. Rxg2 Nd4 17. Nd5 c6 18. Nc3 Nxe2+ 19. Qxe2 Qe7 20. Kf1 Bxd2 21. Qxd2 Qg5
22. Qe2 Rg8 23. Ke1 Qh4+ 24. Kd2 Rxg4 25. Na4 Rxg2 26. Qxg2 Qg5+ 27. Qxg5 hxg5
28. Rh1 O-O-O 29. Ke3 Kc7 30. Kf3 f5 31. exf5 Bxf5 32. Nc3 g4+ 33. Kg3 Rd7 34.
Rf1 Be6 35. Rf6 Re7 36. b4 Kd7 37. a4 b5 38. a5 Rh7 39. Ne4 Rh3+ 40. Kg2 Bd5 41.
Rg6 Bxe4+ 42. dxe4 Rc3 43. Rxg4 Rxc2+ 44. Kh3 Rb2 45. Rg7+ Kc8 46. Ra7 Rxb4 47.
Rxa6 Kb7 48. Rb6+ Kc7 49. Kg4 Rxe4+ 50. Kf3 Ra4 51. Ra6 c5 52. Ke3 b4 53. Kd2 c4
54. Kc2 e4 55. Ra7+ Kc6 56. Ra6+ Kc5 57. Ra8 Kd4 58. a6 b3+ 59. Kb2 Ra2+ 60. Kb1
d5 61. Rf8 Rxa6 62. Rf2 Ra2 63. Rf1 e3 64. Rd1+ Rd2 65. Rc1 Kd3 66. Rxc4 dxc4
67. Ka1 e2 0-1

[Event "AUTO-ADV-4922"]
[Site "http://www.queenalice.com/game.php?id=1870117"]
[Date "2026.3.5"]
[Round "1"]
[White "Connor"]
[Black "EdsonEstevam"]
[Result "1-0"]
[WhiteElo "1869"]
[BlackElo "1779"]

1. d4 d5 2. e3 Nc6 3. Nf3 Bg4 4. c4 e6 5. Nc3 Bb4 6. Bd2 a6 7. a3 Qe7 8. axb4
Nxb4 9. cxd5 exd5 10. Be2 Bf5 11. O-O Bc2 12. Nxd5 Nxd5 13. Qxc2 Ngf6 14. Rac1
O-O 15. Bc4 h6 16. Qb3 c6 17. Bxd5 cxd5 18. Bb4 Qd7 19. Bxf8 Kxf8 20. h3 b5 21.
Ne5 Qe6 22. Rc6 Qe7 23. Rfc1 Kg8 24. Rc8+ Rxc8 25. Rxc8+ Kh7 26. Rc6 Qd8 27.
Rxa6 Ne4 28. Qxb5 Qh4 29. Nd3 Qg5 30. Qd7 f5 31. Qxd5 Nf6 32. Qf7 h5 33. Ra8 h4
34. Nf4 Nh5 35. Qxh5+ Qh6 36. Qe8 Qxf4 37. exf4 Kh6 38. Qf7 Kh7 39. Qh5# 1-0